[Event "EYCC 2024 - O12"]
[Site "?"]
[Date "2024.08.24"]
[Round "3.16"]
[White "Ibrahimli, Suat"]
[Black "Verbytski, Oleg"]
[Result "1-0"]
[BlackElo "2060"]
[WhiteElo "1893"]
[LiveChessVersion "1.4.8"]

1. d4 {[%clk 1:30:51]} d5 {[%clk 1:30:57]} 2. c4 {[%clk 1:31:02]} e6
{[%clk 1:31:22]} 3. Nf3 {[%clk 1:31:29]} Nf6 {[%clk 1:31:48]} 4. g3
{[%clk 1:31:56]} Be7 {[%clk 1:32:13]} 5. Bg2 {[%clk 1:32:21]} O-O
{[%clk 1:32:30]} 6. O-O {[%clk 1:32:45]} dxc4 {[%clk 1:32:57]} 7. Qc2
{[%clk 1:33:10]} a6 {[%clk 1:33:21]} 8. a4 {[%clk 1:33:37]} Bd7 {[%clk 1:33:47]}
9. Qxc4 {[%clk 1:34:03]} Bc6 {[%clk 1:34:12]} 10. Bg5 {[%clk 1:34:30]} Bd5
{[%clk 1:34:37]} 11. Qd3 {[%clk 1:34:14]} Nc6 {[%clk 1:23:41]} 12. Bxf6
{[%clk 1:31:06]} gxf6 {[%clk 1:21:38]} 13. e4 {[%clk 1:30:56]} Nb4
{[%clk 1:22:05]} 14. Qe2 {[%clk 1:31:20]} Bc6 {[%clk 1:20:05]} 15. Nc3
{[%clk 1:30:40]} b6 {[%clk 1:18:30]} 16. Rfd1 {[%clk 1:28:31]} Bb7
{[%clk 1:17:33]} 17. Rac1 {[%clk 1:25:15]} Qc8 {[%clk 1:12:13]} 18. Bh3
{[%clk 1:21:57]} Qe8 {[%clk 1:08:57]} 19. d5 {[%clk 1:19:11]} exd5
{[%clk 0:59:37]} 20. exd5 {[%clk 1:19:10]} Kh8 {[%clk 0:57:22]} 21. Nh4
{[%clk 1:13:45]} Bc5 {[%clk 0:53:12]} 22. Qh5 {[%clk 1:12:30]} Rg8
{[%clk 0:49:59]} 23. Ne4 {[%clk 1:06:29]} Be7 {[%clk 0:45:36]} 24. Rxc7
{[%clk 0:59:39]} Bxd5 {[%clk 0:44:42]} 25. Rxd5 {[%clk 0:59:38]} Nxd5
{[%clk 0:45:07]} 26. Qxd5 {[%clk 1:00:03]} Bc5 {[%clk 0:44:03]} 27. Rxf7
{[%clk 0:57:52]} Rd8 {[%clk 0:38:39]} 28. Qb7 {[%clk 0:58:11]} Rd1+
{[%clk 0:36:52]} 29. Kg2 {[%clk 0:58:20]} Rg5 {[%clk 0:37:18]} 30. Rxh7+
{[%clk 0:58:40]} Kg8 {[%clk 0:37:45]} 31. Nxf6+ {[%clk 0:58:57]} Kf8
{[%clk 0:38:02]} 32. Rh8+ {[%clk 0:59:04]} 1-0